[Event "Linares"]
[Site "22"]
[Date "2005.02.23"]
[Round "1"]
[White "Topalov, Veselin"]
[Black "Adams, Michael"]
[Result "1-0"]
[WhiteElo "2757"]
[BlackElo "2741"]
[Annotator "JvR"]
[PlyCount "81"]
[EventDate "2005.??.??"]

{Seven super grandmasters played double rounds in Linares from 23 ii - 10 iii
2005. It became the 22nd event.} 1. d4 Nf6 2. c4 e6 3. Nc3 Bb4 4. Qc2 d5 5. a3
Bxc3+ 6. Qxc3 Ne4 7. Qc2 e5 8. e3 exd4 9. cxd5 Qxd5 10. Nf3 Nd6 11. Nxd4 Bd7
12. f3 Nc6 13. Nxc6 Bxc6 14. a4 $5 Qh5 $1 15. Be2 $6 (15. Bd3 Qh4+ 16. Qf2 Qb4+
17. Qd2 Qh4+ {leads to a perpetual (Adams).}) 15... Qh4+ 16. g3 Qh3 17. Kf2
O-O-O 18. Ra3 Rhe8 19. Bf1 $6 Qe6 20. Be2 g5 $1 {White has lost time. So Black
attacks.} 21. Rf1 g4 $1 22. fxg4 Qh6 $6 (22... Qd5 $1 {and Black rules the
board.}) 23. Kg1 Qh3 24. Bd3 Ne4 $5 25. Rf4 Nxg3 $5 26. Rc3 $1 {The crucial
position has been reached.} ({Not} 26. hxg3 $2 Rxd3 $1 27. Rxd3 Qh1+) 26... Re6
$4 ({Adams analyses} 26... Rxd3 $1 27. Rxd3 Rg8 $1 28. e4 $1 Bxe4 29. Rxg3
Qxg3+ 30. hxg3 Bxc2 {drawn.}) 27. e4 $1 Nh5 ({The point is} 27... Rxe4 28. Bf1
$1 {and Rxg3.}) 28. Bc4 $1 Qh4 29. Bxe6+ fxe6 30. gxh5 Qxh5 31. Rd3 Rg8+ 32.
Rg3 Rd8 33. Be3 e5 34. Rf1 h6 35. b4 a6 36. b5 axb5 37. axb5 Bxb5 38. Rg7 c6
39. Qa2 Ba6 40. Qe6+ Kb8 41. Qd6+ 1-0

[Event "Linares"]
[Site "22"]
[Date "2005.02.24"]
[Round "2"]
[White "Anand, Viswanathan"]
[Black "Topalov, Veselin"]
[Result "1-0"]
[WhiteElo "2786"]
[BlackElo "2757"]
[Annotator "JvR"]
[PlyCount "117"]
[EventDate "2005.??.??"]

1. e4 c5 2. Nf3 d6 3. d4 cxd4 4. Nxd4 Nf6 5. Nc3 a6 6. Be3 e6 7. f3 b5 8. g4 h6
9. Qd2 b4 10. Na4 Nbd7 11. O-O-O Ne5 12. b3 d5 13. Bf4 Bd6 14. Bxe5 Bxe5 15.
Nc6 Qc7 16. Nxe5 Qxe5 17. Qxb4 dxe4 18. Nb6 Rb8 19. Kb1 Qc7 20. Qa4+ Kf8 21.
Nxc8 Rxc8 22. Qc4 Qxc4 23. Bxc4 a5 24. Ba6 Rb8 25. fxe4 h5 $6 ({Better is} 
25... Nxe4 26. Rd4 Nc5) 26. gxh5 Nxe4 27. Rd4 Nf6 28. Be2 Nxh5 29. Rh4 g6 30.
Rg1 Ke7 31. Ra4 Ra8 32. Bf3 Ra7 33. Rg5 $1 f5 $5 34. Rxg6 Kf7 35. Rg2 Nf6 36.
Re2 Rh3 37. Bh1 $6 (37. Rf4 $1 Rd7 38. Kb2 {plays for a win.}) 37... Ng4 38.
Kb2 Kf6 39. Bg2 Rxh2 40. Bf3 Rxe2 41. Bxe2 Ne3 $1 42. c4 e5 43. c5 e4 44. b4
Rc7 45. bxa5 Rxc5 $2 {Topalov opens the road for the passed a-pawn.} ({Correct
is} 45... Ra7 46. a6 {(Anand)} Ke5 47. Ra5 Nd5 {and the passed pawns are
halted.}) 46. a6 $1 Nd5 47. a7 Nc7 48. a8=Q Nxa8 49. Rxa8 f4 50. Rf8+ Ke5 51.
Bg4 f3 52. Rf5+ Kd4 53. Rxc5 Kxc5 54. Kc3 Kb5 55. Kd2 f2 56. Be2+ Kb4 57. Kc2
Ka3 58. Kb1 e3 59. Ka1 {Topalov started with fighting games: a win and a loss
in two rounds. Rentero loved it.} 1-0

[Event "Linares"]
[Site "22"]
[Date "2005.02.25"]
[Round "3"]
[White "Vallejo Pons, Francisco"]
[Black "Kasparov, Gary"]
[Result "0-1"]
[WhiteElo "2686"]
[BlackElo "2804"]
[Annotator "JvR"]
[PlyCount "58"]
[EventDate "2005.??.??"]

1. Nf3 d5 2. d4 e6 3. c4 dxc4 4. e4 b5 5. a4 c6 6. axb5 cxb5 7. b3 Bb7 8. bxc4
Bxe4 9. cxb5 Nf6 10. Be2 Be7 11. O-O O-O 12. Nc3 Bb7 13. Bf4 $5 Bb4 14. Na4
Nbd7 15. Qb3 Nd5 16. Bg5 Be7 17. Bd2 a6 18. b6 $5 Bc6 (18... N5xb6 19. Ba5 Bd5
20. Qe3 {brings little advantage (Huzman).}) 19. Ne5 $5 Nxe5 20. dxe5 Nxb6 $1
21. Nxb6 Qxd2 22. Nxa8 Qxe2 23. Nc7 Qxe5 24. Qg3 Qf5 25. Rxa6 $5 Be4 26. Ra7
Bc5 27. Ra5 $4 (27. Ra4 $1 {(Kasparov) keeps the equality.}) 27... Bxf2+ $1 28.
Qxf2 Qxa5 29. Nxe6 $1 Bxg2 $1 ({Notice} 29... Bxg2 30. Nxf8 Bxf1 31. Nxh7 Bd3
$1) 0-1

[Event "Linares"]
[Site "22"]
[Date "2005.02.26"]
[Round "4"]
[White "Topalov, Veselin"]
[Black "Leko, Peter"]
[Result "1/2-1/2"]
[WhiteElo "2757"]
[BlackElo "2749"]
[Annotator "JvR"]
[PlyCount "113"]
[EventDate "2005.??.??"]

1. e4 c5 2. Nf3 Nc6 3. d4 cxd4 4. Nxd4 Nf6 5. Nc3 e5 6. Ndb5 d6 7. Bg5 a6 8.
Na3 b5 9. Nd5 Be7 10. Bxf6 Bxf6 11. c3 O-O 12. Nc2 Bg5 13. a4 bxa4 14. Rxa4 a5
15. Bc4 Rb8 16. b3 Kh8 17. Nce3 g6 18. h4 Bxh4 19. g3 Bg5 20. f4 $5 exf4 21.
gxf4 Bh4+ 22. Kd2 $5 Ne7 23. Kc1 Nxd5 24. Nxd5 Be6 25. Qd4+ Kg8 26. Ra2 $6 (26.
Kb2 {completes the development.}) 26... Bxd5 27. Qxd5 Qf6 28. Qd2 Bg3 29. Rf1
h5 $2 (29... d5 $1 30. exd5 (30. Bxd5 g5 $1) 30... Rfe8 {keeps the initiative 
(Rogozenko).}) 30. Rxa5 Ra8 31. e5 $1 Qf5 $1 32. Rxa8 Rxa8 33. Kb2 h4 34. Qxd6
Re8 35. Bb5 Rf8 36. Bd3 $1 Qe6 37. Qd4 Qe7 38. Bc4 Kh7 39. b4 h3 $6 ({
Preferable is} 39... Rd8) 40. Qd3 Qh4 41. f5 $1 Bf4 42. e6 $1 fxe6 43. Qd7+ Kh6
{Topalov has reached a completely won position.} 44. fxe6 $6 (44. fxg6 $1 Kxg6
45. Bd3+ Kf6 46. Qd6 {ends the game.}) 44... Bc1+ $5 {Lékó causes confusion.}
45. Rxc1 $2 ({Right is} 45. Kxc1 $1 Qxc4 46. Rxf8 Qxc3+ 47. Kd1 h2 48. Qd2+ $1
{(Topalov).}) 45... Qxc4 46. e7 Ra8 $1 47. Qxh3+ ({Topalov notices} 47. Ra1 $4
{timely} Qe2+) 47... Kg7 48. e8=N+ $1 Kg8 $1 (48... Rxe8 $6 49. Qd7+ Kf8 50.
Rd1 {favours White.}) 49. Nf6+ Kf7 50. Qd7+ Kxf6 51. Qd4+ Qxd4 52. cxd4 g5 53.
Rc6+ Kf5 54. b5 g4 55. Kb3 g3 56. Rc1 Ke4 57. Rg1 {Topalov played another
fighting game.} 1/2-1/2

[Event "Linares"]
[Site "22"]
[Date "2005.02.27"]
[Round "5"]
[White "Kasparov, Gary"]
[Black "Adams, Michael"]
[Result "1-0"]
[WhiteElo "2804"]
[BlackElo "2741"]
[Annotator "JvR"]
[PlyCount "107"]
[EventDate "2005.??.??"]

1. d4 Nf6 2. c4 e6 3. Nc3 Bb4 4. Qc2 d5 5. a3 Bxc3+ 6. Qxc3 Ne4 7. Qc2 e5 8.
cxd5 Qxd5 9. f3 Nd6 10. dxe5 Qxe5 11. e4 Nc6 12. Ne2 $5 Be6 13. Bf4 Qa5+ 14.
Nc3 $5 O-O-O 15. O-O-O f5 $2 (15... g5 $1 16. Bxd6 Rxd6 17. Rxd6 cxd6 {
minimizes the disadvantage.}) 16. Bxd6 $1 Rxd6 17. Rxd6 cxd6 18. Bb5 Nd4 19.
Qd3 Nxb5 20. Nxb5 $1 fxe4 21. Qxd6 $6 ({White wins a pawn anyway, but} 21.
Nxd6+ $1 Kb8 22. fxe4 {is preferable.}) 21... Qxb5 22. Qxe6+ Kb8 23. Qxe4 Re8
24. Qf4+ Ka8 25. Kb1 g5 26. Qf7 h6 27. h4 a6 28. hxg5 hxg5 29. Qf6 Qd3+ 30. Ka1
Qd2 31. Qf7 Re5 $1 32. Qc7 Re8 33. Qf7 Re5 34. Qf6 Re8 35. g4 $1 Ka7 36. Qf5
Ka8 $6 (36... Qd4 $1 37. Rc1 (37. Qxg5 Re3 $1) 37... Re5 {offers more
resistance.}) 37. Kb1 Rd8 38. Rc1 Rd5 39. Qe4 Ka7 40. Rc3 Qd1+ 41. Ka2 Qd2 42.
Rc2 Qd3 43. Re2 Rd4 44. Qe3 a5 45. Re1 Ka6 46. Qxg5 Qxf3 47. Qg6+ Ka7 $2 (47...
b6 $1 48. Qg8 $1 Qd5+ 49. Qxd5 Rxd5 50. Rg1 Rg5 51. b4 $1 axb4 52. axb4 Kb5 53.
Kb3 Kc6 {prolongs the fight (Kasparov).}) 48. Re5 $1 Ra4 $1 49. Qh5 b6 50. Qe8
Rc4 51. g5 Rc7 52. Qe6 a4 53. Re4 Qd1 54. Rb4 $1 1-0

[Event "Linares"]
[Site "22"]
[Date "2005.02.28"]
[Round "6"]
[White "Topalov, Veselin"]
[Black "Vallejo Pons, Francisco"]
[Result "1-0"]
[WhiteElo "2757"]
[BlackElo "2686"]
[Annotator "JvR"]
[PlyCount "63"]
[EventDate "2005.??.??"]

1. e4 c5 2. Nf3 d6 3. d4 cxd4 4. Nxd4 Nf6 5. Nc3 a6 6. Be3 e5 7. Nb3 Be7 8. f3
Be6 9. Qd2 O-O 10. O-O-O Nbd7 11. g4 b5 12. g5 b4 13. Ne2 Ne8 14. f4 a5 15. f5
a4 16. fxe6 axb3 17. exf7+ $5 {Topalov plays a novelty.} Rxf7 18. Kb1 bxc2+ 19.
Kxc2 Nb6 20. Nc1 d5 21. exd5 Nd6 22. Kb1 Rf3 $2 {Vallejo Pons plays too
optimistic.} (22... Nbc4 $1 {The last cry has become} 23. Bxc4 Nxc4 24. Qe2
Nxe3 25. g6 $1 {(Czarnota - Bobras, Poznan 2005).}) 23. h4 $5 Na4 24. Qe2 Rg3
$5 25. Bf2 Rc3 $5 26. Qxe5 Nxb2 27. Bd4 $1 {Topalov continues his attack.} Bf8
28. Kxb2 Rf3 29. Bd3 Kh8 30. Qe2 Rf4 31. Qh5 Nf5 32. g6 $1 1-0

[Event "Linares"]
[Site "22"]
[Date "2005.03.03"]
[Round "8"]
[White "Vallejo Pons, Francisco"]
[Black "Kasimdzhanov, Rustam"]
[Result "1-0"]
[WhiteElo "2686"]
[BlackElo "2678"]
[Annotator "JvR"]
[PlyCount "119"]
[EventDate "2005.??.??"]

1. Nf3 d5 2. d4 e6 3. c4 Nf6 4. Nc3 Be7 5. Bg5 h6 6. Bxf6 Bxf6 7. Qc2 O-O 8.
O-O-O c5 $6 9. dxc5 d4 10. Nxd4 Bxd4 11. Qe4 $1 {A fine novelty is played.} ({
Known is} 11. e3) 11... Nc6 12. e3 f5 13. Qf3 Qg5 14. h4 $1 Bxe3+ 15. Qxe3
Qxe3+ 16. fxe3 {White has won a pawn.} Ne5 17. Be2 Bd7 18. Rd6 Kf7 19. Bf3 Rac8
20. Rhd1 Rc7 21. b4 Ke7 22. Nb5 Bxb5 23. cxb5 b6 $2 {Hereafter, White wins
elegantly.} ({Superior is} 23... f4 $1 24. R1d4 $1 b6 $1 25. c6 fxe3 {(Vallejo
Pons).}) 24. c6 g5 25. R6d4 Kf6 26. a4 Ng6 27. hxg5+ hxg5 28. Rd7 Rfc8 29. R1d6
g4 30. Bd1 Nf8 31. Rxc7 Rxc7 32. Bb3 Ke7 33. Rd1 Nh7 34. Rh1 Nf6 35. Rh6 Rc8
36. Kc2 Kf7 37. Bc4 Rd8 38. Rh1 Ke7 39. a5 Rb8 40. Kb3 Rd8 41. axb6 axb6 42.
Ra1 Ne4 43. Ra7+ Kf6 44. Rd7 Rh8 45. Bd3 Nf2 46. Bc2 g3 47. Rb7 Ng4 48. Rxb6
Rc8 49. Ra6 Nxe3 50. b6 Nxc2 51. b7 Rxc6 52. b5 Rc5 53. Rb6 Nd4+ 54. Kb4 Rxb5+
55. Rxb5 Nc6+ 56. Kc3 f4 57. Rc5 f3 58. Rxc6 fxg2 59. b8=Q g1=Q 60. Qf4+ 1-0

[Event "Linares"]
[Site "22"]
[Date "2005.03.04"]
[Round "9"]
[White "Kasimdzhanov, Rustam"]
[Black "Kasparov, Gary"]
[Result "0-1"]
[WhiteElo "2678"]
[BlackElo "2804"]
[Annotator "JvR"]
[PlyCount "72"]
[EventDate "2005.??.??"]

1. d4 d5 2. c4 c6 3. Nc3 Nf6 4. e3 e6 5. Nf3 Nbd7 6. Bd3 dxc4 7. Bxc4 b5 8. Bd3
Bb7 9. O-O a6 10. e4 c5 11. d5 Qc7 12. dxe6 fxe6 13. Bc2 c4 14. Nd4 Nc5 15. Be3
e5 16. Nf3 Be7 17. Ng5 O-O $1 {This novelty was advised to Kasparov and
Dokhoian by JUNIOR. Shedder 9 shows the same move to me.} 18. Bxc5 Bxc5 19. Ne6
Qb6 20. Nxf8 Rxf8 {Black has sufficient compensation for the exchange.} 21. Nd5
$2 {White blunders a pawn.} ({Right is} 21. Qe2 Qe6 {(Kasparov).}) 21... Bxd5
22. exd5 Bxf2+ $1 23. Kh1 ({Not} 23. Rxf2 Ng4 $1 24. Qxg4 Qxf2+ 25. Kh1 Qf1+
26. Rxf1 Rxf1#) 23... e4 $5 24. Qe2 $6 ({Better is} 24. d6 $1 e3 25. Bf5 $1 g6
26. Bh3 Kg7 27. d7 Nh5 {(Kasparov)} 28. Bg4 Nf4 29. b3 $5 c3 30. b4 $5 {White
has desperate counter-play.}) 24... e3 25. Rfd1 Qd6 $1 26. a4 g6 $1 27. axb5
axb5 28. g3 ({White cannot stop the attack, because} 28. b3 $5 Nh5 $1 {brings
no relief.}) 28... Nh5 $1 29. Qg4 Bxg3 $1 30. hxg3 Nxg3+ 31. Kg2 Rf2+ 32. Kh3
Nf5 $1 33. Rh1 h5 34. Qxg6+ Qxg6 35. Rhg1 Qxg1 36. Rxg1+ Kf7 0-1

[Event "Linares"]
[Site "22"]
[Date "2005.03.05"]
[Round "10"]
[White "Kasparov, Gary"]
[Black "Vallejo Pons, Francisco"]
[Result "1-0"]
[WhiteElo "2804"]
[BlackElo "2686"]
[Annotator "JvR"]
[PlyCount "107"]
[EventDate "2005.??.??"]

1. d4 d5 2. c4 c6 3. Nf3 Nf6 4. e3 Bf5 5. Nc3 e6 6. Nh4 Bg6 7. Nxg6 hxg6 8. Bd2
Nbd7 9. Rc1 a6 10. Bd3 dxc4 11. Bxc4 b5 $6 {This advance will help White.} 12.
Be2 c5 13. Bf3 Rb8 14. Ne2 Bd6 15. g3 O-O 16. O-O e5 17. dxc5 Nxc5 18. Bb4 Qb6
$6 ({Better is} 18... Nd3 $1 19. Qxd3 Bxb4 20. Qb3 Qe7 {(Kasparov).}) 19. Nc3
$1 Nb7 $1 20. Bxd6 Nxd6 21. Nd5 Nxd5 22. Bxd5 Rbc8 23. Qg4 Nf5 24. Qe4 Qf6 25.
Rfd1 Nd6 $6 (25... Rfd8 $1 26. Rxc8 Rxc8 27. b4 Nd6 {defends more accurately.})
26. Qb4 Rfd8 27. a4 $1 bxa4 28. Qxa4 Rxc1 29. Rxc1 Nb5 30. Rd1 Nc7 $6 ({More
useful is} 30... Rd7 31. Bc4 Rb7) 31. Bc4 $1 Rd6 32. Rxd6 Qxd6 33. Qb3 Ne6 34.
h4 $1 e4 $6 ({The passive} 34... a5 $1 35. Qb5 Qc7 36. Bxe6 fxe6 {creates a
last stand.}) 35. Bd5 g5 36. h5 $1 g4 37. Bxe4 Ng5 38. Qd5 Nxe4 39. Qxe4 Qd1+
40. Kg2 Kf8 41. Qa8+ Ke7 42. Qb7+ Ke8 43. Qxa6 Qd5+ 44. Kg1 Qxh5 45. Qc6+ Kd8
46. e4 Ke7 47. Qc7+ Ke6 48. Qc8+ Ke7 49. Qb7+ Ke8 50. b4 Qg5 51. Qc6+ Ke7 52.
b5 Qd2 53. Qc5+ Qd6 54. Qg5+ 1-0

[Event "Linares"]
[Site "22"]
[Date "2005.03.06"]
[Round "11"]
[White "Kasimdzhanov, Rustam"]
[Black "Anand, Viswanathan"]
[Result "0-1"]
[WhiteElo "2678"]
[BlackElo "2786"]
[Annotator "JvR"]
[PlyCount "76"]
[EventDate "2005.??.??"]

1. e4 c5 2. Nf3 d6 3. c3 Nf6 4. Be2 Bg4 5. d3 e6 6. Nbd2 Nc6 7. Nf1 d5 8. exd5
Nxd5 $1 9. Qa4 Bh5 10. Ng3 Nb6 $5 11. Qd1 Bg6 12. O-O Be7 13. a4 $5 O-O 14. a5
Nd5 15. Qa4 Qc7 16. d4 $6 (16. Bd2 $1 Rfd8 17. Rfe1 {continues the development
of pieces.}) 16... cxd4 17. Nxd4 Nxd4 18. Qxd4 f5 $5 19. Qa4 Rad8 20. Rd1 $2 ({
Correct is} 20. Re1 $1 e5 21. Bc4 {(Anand).}) 20... f4 $1 21. Ne4 Qe5 22. Bf3
b5 $1 23. Qc2 (23. axb6 $2 Nxb6 {shows the pointe.}) 23... Nf6 24. Nxf6+ Qxf6
25. Qb3 Rxd1+ 26. Qxd1 Rd8 27. Qe2 Bd3 28. Qe1 e5 $1 {White can do very little.
His queenside is underdeveloped.} 29. Be2 Bxe2 30. Qxe2 e4 31. g3 $1 e3 $1 32.
fxe3 f3 $1 33. Qxb5 $6 ({More resistance is offered by} 33. Qc2 $1 Qe6 34. b4
$1 {(controls c5), but} Qc4 {(threatens .. f2+)} 35. Kf2 Qg4 {continues the
restraint and endangers the white king.}) 33... f2+ 34. Kg2 Rf8 35. Qd5+ Kh8
36. Kf1 Qh6 37. Bd2 Qh3+ 38. Qg2 Qf5 0-1

[Event "Linares"]
[Site "22"]
[Date "2005.03.08"]
[Round "12"]
[White "Adams, Michael"]
[Black "Kasparov, Gary"]
[Result "0-1"]
[WhiteElo "2741"]
[BlackElo "2804"]
[Annotator "JvR"]
[PlyCount "52"]
[EventDate "2005.??.??"]

1. e4 c5 2. Nf3 d6 3. d4 cxd4 4. Nxd4 Nf6 5. Nc3 a6 6. Be3 e6 7. Be2 Qc7 8. Qd2
b5 9. a3 Bb7 10. f3 Nc6 11. O-O-O $5 ({More prudent is} 11. O-O $1) 11... b4 $1
12. axb4 Nxb4 13. g4 Be7 14. g5 Nd7 15. h4 Nc5 16. Kb1 Rb8 17. h5 O-O $5 18. g6
Bf6 $1 19. Rdg1 $2 (19. gxh7+ $1 Kxh7 20. Bg5 Be5 $1 21. Bf4 {steers towards a
repetition of moves.}) 19... Ba8 $1 20. Bg5 Be5 21. gxh7+ $6 ({Better is} 21.
Bf4 $5 {(Kasparov), but} Qb6 $1 {leads to a black assault.}) 21... Kxh7 $1 22.
Nb3 (22. Be3 Qb6 23. Qc1 Rfc8 {and the attack will decide the game.}) 22...
Nxc2 $1 23. Nxc5 Na3+ 24. Ka2 Qxc5 25. Na4 Nc2 $1 {Kasparov ends the game
beautifully.} 26. Kb1 ({Or} 26. Nxc5 Rxb2#) 26... Qa3 $1 ({The pointe is} 26...
Qa3 27. Qxc2 Rfc8 $1 28. Qxc8 Rxb2+) 0-1

[Event "Linares"]
[Site "22"]
[Date "2005.03.08"]
[Round "12"]
[White "Topalov, Veselin"]
[Black "Kasimdzhanov, Rustam"]
[Result "1-0"]
[WhiteElo "2757"]
[BlackElo "2678"]
[Annotator "JvR"]
[PlyCount "63"]
[EventDate "2005.??.??"]

1. d4 d5 2. c4 e6 3. Nc3 Be7 4. Nf3 Nf6 5. Bf4 O-O 6. e3 c5 7. dxc5 Bxc5 8. a3
Nc6 9. Qc2 Qa5 10. Nd2 Bb4 11. cxd5 exd5 12. Bd3 d4 13. O-O Bxc3 14. Nc4 Qh5
15. bxc3 Nd5 16. Bg3 dxe3 17. Rae1 Be6 18. fxe3 Nde7 19. Nd6 b6 20. Rb1 f6 $1 {
Though Black improves the theory, White keeps a plus.} 21. Rb5 Ne5 22. Rf4 N7g6
23. Rd4 $1 {Black's queen endures a great danger.} Bd7 $2 ({Better is} 23...
Rad8 $1 24. Be2 $1 Qh6 25. Bf4 Nxf4 26. exf4 Nc6 {(Dautov)} 27. Nf5 $1 Bxf5 28.
Rxd8 $1 Nxd8 29. Qxf5 g6 {and White has a positional advantage.}) 24. Rbd5 Be6
25. Be2 $1 Qh6 26. Bf4 $1 Nxf4 27. exf4 g6 ({The point is} 27... Bxd5 28. Nf5)
28. Qe4 $1 Bxd5 29. Qxd5+ Kh8 30. Re4 Nd7 31. Nf7+ Rxf7 32. Qxf7 1-0

[Event "Linares"]
[Site "22"]
[Date "2005.03.09"]
[Round "13"]
[White "Vallejo Pons, Francisco"]
[Black "Topalov, Veselin"]
[Result "0-1"]
[WhiteElo "2686"]
[BlackElo "2757"]
[Annotator "JvR"]
[PlyCount "76"]
[EventDate "2005.??.??"]

1. Nf3 Nf6 2. c4 e6 3. Nc3 d5 4. d4 Be7 5. Bg5 h6 6. Bxf6 Bxf6 7. Qc2 dxc4 8.
e3 c5 9. dxc5 Qa5 10. Bxc4 Qxc5 11. Ne4 Qa5+ 12. Ke2 Be7 13. Qc3 Qxc3 14. Nxc3
a6 15. Rhd1 Nd7 16. Ne4 b5 17. Bb3 Bb7 18. Nd6+ Bxd6 19. Rxd6 Ke7 20. Rad1 Rhd8
21. R6d4 Rac8 22. Ne1 a5 23. f3 Rc7 24. e4 Rdc8 25. a3 g5 26. Ke3 Ne5 27. R4d2
Ba6 28. Rd6 Ra7 29. R6d2 $2 {Vallejo Pons applies his passive defence too long.
} ({Correct is} 29. f4 $1 Ng4+ 30. Kf3 Nxh2+ 31. Kg3 Nf1+ 32. Kf2 Nh2 33. Kg3 {
and a perpetual.}) 29... b4 $1 30. axb4 Rb8 $1 {The attack on the queenside
decides.} 31. Ra1 Rxb4 32. Ra3 a4 33. Ba2 Bc4 34. Bb1 Bf1 35. Ba2 Rab7 36. Nc2
$6 Rxb2 37. Rxa4 Rc7 $1 38. Kf2 Bb5 {Black wins a piece and the game.  
Topalov had neared Kasparov by one point at the end of the penultimate round.}
0-1

[Event "Linares"]
[Site "22"]
[Date "2005.03.10"]
[Round "14"]
[White "Topalov, Veselin"]
[Black "Kasparov, Gary"]
[Result "1-0"]
[WhiteElo "2757"]
[BlackElo "2804"]
[Annotator "JvR"]
[PlyCount "59"]
[EventDate "2005.??.??"]

{Kasparov will win the tournament, even if he loses this game, because he
scored more wins with Black.} 1. e4 c5 2. Nf3 Nc6 3. Nc3 e5 4. Bc4 d6 5. d3 Be7
6. O-O Nf6 7. Nh4 $5 Nd4 8. g3 Bg4 9. f3 Be6 10. Bg5 Ng8 $5 11. Bxe7 Nxe7 12.
f4 exf4 13. Bxe6 fxe6 14. Rxf4 Kd7 $5 15. Nf3 Rf8 16. Rxf8 Qxf8 17. Nxd4 cxd4
18. Ne2 Qf6 19. c3 Rf8 20. Nxd4 Nc6 21. Qf1 Qxf1+ $2 {Kasparov exchanges
towards a difficult pawn ending.} ({Right is} 21... Qd8 $1) 22. Rxf1 Rxf1+ 23.
Kxf1 Nxd4 24. cxd4 d5 $2 {Black loses an important tempo.} 25. Kf2 Ke7 26. Kf3
Kf6 27. h4 $2 ({Correct is} 27. Kg4 $1 h6 28. Kh5 {and wins.}) 27... g6 $2 ({
Right is} 27... h6 $1 28. Kg4 g6 $1 29. Kf4 g5+ 30. Kg4 Kg6 {drawn (Krnic).})
28. b4 b5 29. Kf4 h6 30. Kg4 $1 {The zugzwang is fatal for Black.   Kasparov
and Topalov had scored 8/12. Gary won the tournament, because he achieved more
black wins. Anand followed at the third place. One game per round plus an
extra game have been analysed.   Kasparov gave a press conference at the end
of the event. He announced his retirement from competitive chess. Linares was
conquered by him ten times. His world championship in different organisations
lasted from 1985 until 2000.} ({See} 30. Kg4 Kf7 31. h5 $1 g5 32. exd5 exd5 33.
Kf5) 1-0

[Event "Morelia/Linares"]
[Site "23"]
[Date "2006.02.18"]
[Round "1"]
[White "Aronian, Levon"]
[Black "Radjabov, Teimour"]
[Result "1-0"]
[WhiteElo "2752"]
[BlackElo "2700"]
[Annotator "JvR"]
[PlyCount "157"]
[EventDate "2006.??.??"]

{Three important changes had occurred since the previous time: Kasparov did
not partake anymore, the number of players had increased from seven to eight
and the first cycle was played in the Mexican city Morelia from 18 until 26 ii
2006. Playing hall was the Palacio de Clavijero. Main battlers were Lékó,
Topalov and Aronian.} 1. d4 Nf6 2. c4 g6 3. Nc3 Bg7 4. e4 d6 5. Nf3 O-O 6. Be2
e5 7. Be3 Ng4 8. Bg5 f6 9. Bh4 g5 10. Bg3 Nh6 11. d5 Nd7 12. Nd2 f5 13. exf5
Nf6 14. Nde4 Nxe4 15. Nxe4 Bxf5 16. Bd3 g4 17. O-O Qe8 $5 18. c5 Qg6 19. Re1
Nf7 20. Bh4 $5 Rae8 21. Rc1 dxc5 22. Rxc5 Nd6 23. Qa4 $1 Bxe4 24. Bxe4 Qh6 $6 {
Black should exchange on e4.} 25. Bg3 Qd2 26. Rcc1 $6 {Hereafter, the fight
for the initiative is resumed.} (26. Rd1 $1 {continues the attack.}) 26... Re7
27. h4 $5 Qxb2 28. Qd1 Qxa2 29. h5 Nxe4 30. Rxe4 Qa6 31. Qb3 $5 Kh8 32. Rce1
Qb6 33. Rb4 Qc5 34. Rxb7 Ref7 35. Rb5 Qd6 36. Qc4 Rf5 37. Qxg4 Qh6 38. Rb8 Rxf2
39. Rxf8+ Rxf8 40. Rxe5 $1 {White has restored the material balance. Now Black
has to defend weaknesses.} Qd6 $2 (40... Qf6 $1 {prevents the next move.}) 41.
Rf5 $1 Qe7 42. Rxf8+ Bxf8 43. Bf2 h6 44. Qd4+ $1 (44. Bxa7 $6 {allows the
counteraction} Qe1+) 44... Kg8 45. Qc4 $1 Qf7 46. Bxa7 Bg7 47. Be3 Kh8 48. Bd4
$1 Bxd4+ 49. Qxd4+ Kh7 50. Qe5 $1 Qg7 51. Qf5+ Kh8 52. Kh2 Qe7 53. Kh3 Qd6 54.
Qf7 Qe5 55. g3 $2 Qe4 $2 ({Black misses the chance} 55... c6 $1 56. Qg6 ({Not} 
56. dxc6 $2 Qxg3+) 56... cxd5 57. Qxh6+ Kg8 {and the d-pawn is strong.}) 56.
Qf1 Kh7 57. Qd1 Qe5 58. Qf3 Kg7 59. Qg4+ Kh8 60. Qg6 Qxd5 61. Qxh6+ Kg8 62.
Qg6+ Kh8 63. Qf6+ Kh7 64. Kh4 Qe4+ 65. g4 Qe1+ 66. Kg5 Qd2+ 67. Qf4 Qd8+ 68.
Kf5 Qf8+ 69. Ke4 Qb4+ 70. Kf3 Qc3+ 71. Qe3 Qf6+ 72. Kg3 Qd6+ 73. Kh4 c5 74. g5
Qh2+ 75. Kg4 Qg2+ 76. Kf5 Qd5+ 77. Kf6 Qd6+ 78. Qe6 Qd4+ 79. Ke7 1-0

[Event "Morelia/Linares"]
[Site "23"]
[Date "2006.02.18"]
[Round "1"]
[White "Svidler, Peter"]
[Black "Topalov, Veselin"]
[Result "1-0"]
[WhiteElo "2765"]
[BlackElo "2801"]
[Annotator "JvR"]
[PlyCount "133"]
[EventDate "2006.??.??"]

1. e4 e5 2. Nf3 Nc6 3. Bb5 Nf6 4. O-O Nxe4 5. d4 Nd6 6. Bxc6 dxc6 7. dxe5 Nf5
8. Qxd8+ Kxd8 9. Nc3 Ne7 10. h3 Ng6 11. Bg5+ Ke8 12. Rad1 Bd7 13. Nd4 h6 14.
Be3 h5 $5 ({More prudent is} 14... Bb4 {(Shirov - Almasi, Monaco 2002).}) 15.
f4 h4 16. f5 $5 {Svidler storms his opponent.} Nxe5 17. f6 Rh5 18. Ne4 g6 19.
Bf4 c5 20. Nf3 Nxf3+ 21. Rxf3 {Topalov has to defend a difficult position.} Be6
22. Rfd3 c4 23. R3d2 c6 24. Ng5 Bc5+ 25. Kh2 Bd5 26. Re2+ Kf8 $6 (26... Kd7 $1
27. Nxf7 Rf8 28. Ne5+ Kc8 29. Ng4 Rf5 {equalises (Svidler).}) 27. Rde1 b5 28.
c3 a5 29. a3 Rc8 30. g4 hxg3+ 31. Kxg3 Be6 32. h4 Kg8 33. Re5 Bf8 34. Nxe6 fxe6
35. Rd1 $1 Rh7 $2 ({Better is} 35... Kf7 36. Bg5 $1 Rc7 $1) 36. Rxe6 $2 (36.
Rg5 $1 Rh6 37. Rd7 {wins for White.}) 36... Rb7 37. Re4 Kf7 38. Bg5 Re8 39.
Rxe8 Kxe8 40. Kg4 Rh7 $2 ({Black misses the draw by} 40... Kf7 41. Rd8 b4 42.
axb4 axb4 43. Rd4 bxc3 44. bxc3 Rb5 45. Rxc4 Rc5 {(Svidler).}) 41. Re1+ Kd7 42.
a4 $1 bxa4 43. Re5 c5 44. Bf4 Rh8 45. Bg3 Bh6 46. Re7+ Kc6 47. Bf4 Bxf4 48.
Kxf4 Rh5 $1 49. Re5 $3 Rxh4+ 50. Kg5 $1 Rh5+ 51. Kxg6 Rxe5 52. f7 {The Kling
and Horwitz manouevre of rook and king begins.} Re6+ 53. Kg5 Re5+ 54. Kg4 Re4+
55. Kg3 Re3+ 56. Kf2 $1 {White forces the queening.} a3 $1 57. f8=Q axb2 58.
Qc8+ Kb5 $1 59. Qb7+ Ka4 60. Kxe3 ({Not} 60. Qxb2 $4 Rf3+ $1) 60... Ka3 61. Qb5
a4 62. Qxc5+ Kb3 63. Qb4+ Kc2 64. Qxa4+ Kxc3 65. Qa5+ Kc2 66. Qf5+ Kc1 67. Qf1+
{Svidler played a fine endgame.} 1-0